ბათუმის შოთა რუსთაველის სახელმწიფო უნივერსიტეტის ბიბლიოთეკა

Крекинг нефтяных фракций на цеолистсодержащих катализаторах. (ბიბ.ჩანაწერი № 38379)

000 -LEADER
fixed length control field 00690nam a2200205Ia 4500
001 - CONTROL NUMBER
control field 4389
003 - CONTROL NUMBER IDENTIFIER
control field GE_BSU
008 - FIXED-LENGTH DATA ELEMENTS--GENERAL INFORMATION
fixed length control field 181216s||||||||xx |||||||||||||| ||und||
040 ## - CATALOGING SOURCE
Transcribing agency GE_BSU
080 ## - UNIVERSAL DECIMAL CLASSIFICATION NUMBER
Universal Decimal Classification number 665:644.2
245 ## - TITLE STATEMENT
Title Крекинг нефтяных фракций на цеолистсодержащих катализаторах.
245 ## - TITLE STATEMENT
Statement of responsibility, etc. Под. ред. С.Н. Хаджиева.
260 ## - PUBLICATION, DISTRIBUTION, ETC.
Place of publication, distribution, etc. М.
260 ## - PUBLICATION, DISTRIBUTION, ETC.
Name of publisher, distributor, etc. Химия.
260 ## - PUBLICATION, DISTRIBUTION, ETC.
Date of publication, distribution, etc. 1982.
300 ## - PHYSICAL DESCRIPTION
Extent 280 стр. 20 см. с илл.
300 ## - PHYSICAL DESCRIPTION
Accompanying material 38 табл. 142 рис.
653 ## - INDEX TERM--UNCONTROLLED
Uncontrolled term Крекинг нефтяных фракций на цеолистсодержащих катализаторах.
942 ## - ADDED ENTRY ELEMENTS (KOHA)
Koha item type წიგნი
ეგზემპლარები
Withdrawn status Lost status Damaged status Not for loan Date acquired Barcode Date last seen Price effective from Koha item type Public note
        2018-12-17 9531 2018-12-17 2018-12-17 წიგნი საცავი